000 00476nam a2200169Ia 4500
008 090711s9999 xx 000 0 und d
082 _b58120
100 _aशर्मा सुरेश
245 _aटारझन (भाग 7)
260 _c1956
300 _a218
600 _aशर्मा सुरेश
630 _aटारझन (भाग 7)
700 _aशर्मा सुरेश
730 _aटारझन (भाग 7)
942 _cBOOK
999 _c321466
_d321466